000 01121nam a2200217 i 4500
001 158644
003 ES-MaACL
005 20230906211244.0
008 990510s1780 sp a |||| | spa d
040 _aBA
_bspa
_cBA
110 2 _aTrinitarios.
_9163514
245 1 0 _aManual de procesiones, y otros actos de comunidad, para el uso de los religiosos del Orden Calzado de la Santisima Trinidad, redención de cautivos [
_hMúsica impresa] :
_ben que se añaden las principales reglas del canto llano, y las que deben observar los cantores, todo para la perfecta instrucción de sus novicios, y uniformidad de canto de todos los religiosos, el que hace segunda parte al ceremonial completo del orden.
260 _aMadrid :
_bpor D. Ioachin Ibarra...,
_c1780.
300 _a[2], XIV, 296, 104 p. : il. ;
_c4º.
530 _aDisponible en formato digital.
650 4 _aCantos litúrgicos.
_9163515
852 _aES-MaACL
_jR-767
_z-- Enc. perg.
_x Olim: G-5315
856 _uhttp://bdh-rd.bne.es/viewer.vm?id=0000127943&page=1
_zBiblioteca Digital Hispánica
942 _2udc
999 _c158644
_d158644